000 00253nam a22001217a 4500
003 SGT
082 _a617.8
_bO10R
100 _aREES
245 _aOXFORD HAND BOOK OF THE AUDITORY BRAIN
260 _bOXFORD UNI
_c2010
300 _a558
942 _2ddc
_cBK
999 _c17890
_d17890